01067 a2200157 45000010006000000050017000060080041000230030015000640400040000790800140001192450045002592640120003043000019004245050362004431000104008055942320260407155848.0260407a arg spa d AR-UNSa-BCEJYS aAR-UNSa-BCEJYSbspacAR-UNSa-BCEJYS a338.2(8)xPolítica económica. Control de la economía. gestión de la economía. planificación económica en América Latina10aExcenciones arancelarias e integración 1aBuenos Aires :bBID/INTAL (Banco Interamericano de Desarrollo. Instituto para la integración de América Latina) a273 p.c23 cm. a1. Análisis general - 2. Estimaciones para Argentina, Bolivia, Brasil, Colombia y México - 3. Estimaciones para Ecuador, Paraguay, Uruguay y Panamá - 4. Exenciones arancelarias en Argentina - 5. Exenciones arancelarias en Bolivia - 6. Exenciones arancelarias en Brasil - 7. Exenciones arancelarias en Colombia - 8. Exenciones arancelarias en Guatemala1 aBanco Interamericano de Desarrollo. Instituto para la Integración de América Latina (BID-INTAL)